Aaron Burr, Sir - Statistics

General Stats
  • This quiz has been taken 20 times
  • The average score is 281 of 398
Answer Stats
Lyric % Correct
a
94%
me
94%
Me
94%
yo
94%
Aaron
88%
are
88%
be
88%
Burr
88%
for
88%
he
88%
I
88%
sir
88%
so
88%
when
88%
you
88%
your
88%
against
82%
Alexander
82%
an
82%
at
82%
do
82%
don't
82%
get
82%
Hamilton
82%
him
82%
I'm
82%
it
82%
it's
82%
know
82%
less
82%
let
82%
more
82%
name
82%
of
82%
oh
82%
or
82%
Pardon
82%
punched
82%
smile
82%
sure
82%
talk
82%
that
82%
the
82%
them
82%
they
82%
to
82%
want
82%
was
82%
what
82%
who
82%
who's
82%
you're
82%
advice
76%
asking
76%
been
76%
before
76%
blur
76%
can
76%
can't
76%
course
76%
depends
76%
did
76%
dying
76%
free
76%
graduate
76%
have
76%
how'd
76%
in
76%
is
76%
like
76%
looked
76%
looking
76%
may
76%
my
76%
not
76%
off
76%
orphan
76%
out
76%
serious
76%
service
76%
some
76%
stupid
76%
two
76%
wanna
76%
wanted
76%
we
76%
wish
76%
ahead
71%
and
71%
buddy
71%
fast
71%
getting
71%
got
71%
nervous
71%
offer
71%
on
71%
parents
71%
place
71%
Princeton
71%
revolution
71%
see
71%
showtime
71%
sort
71%
study
71%
their
71%
then
71%
there
71%
time
71%
up
71%
with
71%
yes
71%
yours
71%
1776
65%
anyone
65%
best
65%
bursar
65%
but
65%
dead
65%
fool
65%
fools
65%
handles
65%
heard
65%
John
65%
join
65%
just
65%
king
65%
nice
65%
run
65%
said
65%
sorts
65%
three
65%
war
65%
where
65%
working
65%
would
65%
accelerated
59%
buy
59%
came
59%
City
59%
could
59%
drink
59%
financials
59%
from
59%
god
59%
mouths
59%
New
59%
oui
59%
say
59%
talking
59%
than
59%
well
59%
we'll
59%
we're
59%
while
59%
wind
59%
worth
59%
York
59%
Adams
53%
afar
53%
ami
53%
bargained
53%
if
53%
je
53%
Lafayette
53%
Laurens
53%
m'appelle
53%
mon
53%
prove
53%
seeking
53%
stand
53%
those
53%
died
47%
fall
47%
Lancelot
47%
pints
47%
redcoats
47%
Sam
47%
sit
47%
till
47%
c'est
41%
gonna
41%
kid
41%
land
41%
loved
41%
moi
41%
nothing
41%
past
41%
revolutionary
41%
set
41%
shot
41%
this
41%
trusted
41%
what's
41%
wished
41%
bonsoir
35%
casse
35%
pop
35%
tell
35%
these
35%
toi
35%
us
35%
wait
35%
will
35%
College
29%
cops
29%
done
29%
drop
29%
give
29%
haven't
29%
knowledge
29%
man
29%
million
29%
spit
29%
there's
29%
things
29%
chick-a
24%
good
24%
Imma
24%
luck
24%
prodigy
24%
stall
24%
taking
24%
verse
24%
what'll
24%
isn't
18%
revolution's
18%
imminent
12%
cuz
6%
hah
6%
man
6%
ooh
6%
No matching quizzes found
Score Distribution
Percent of People with Each Score
Percentile by Number Answered
Your Score History
You have not taken this quiz